Top 15 Harry Potter Characters By Mention - Statistics

General Stats
  • This quiz has been taken 1,218 times
  • The average score is 13 of 15
Answer Stats
Times Mentioned Answer % Correct
18956 Harry Potter
100%
6464 Ron Weasley
100%
2421 Albus Dumbledore
99%
5486 Hermione Granger
99%
1956 Severus Snape
95%
1797 Voldemort
94%
771 Ginny Weasley
92%
920 Fred Weasley
90%
821 George Weasley
90%
2024 Rubeus Hagrid
89%
1471 Sirius Black
87%
1198 Draco Malfoy
86%
864 Remus Lupin
81%
810 Neville Longbottom
80%
780 Arthur Weasley
58%
No matching quizzes found
Score Distribution
Percent of People with Each Score
Percentile by Number Answered
Your Score History
You have not taken this quiz